Guess Countries on the Beach - Statistics

General Stats
  • This quiz has been taken 3,839 times
    783 since last reset
  • The average score is 9 of 14
Answers on the Map
Answers color-coded by a green-red scale on the quiz's map according to % correct below.
 
Answer Stats
Hidden flag % Correct
Czechia
93%
Barbados
92%
Croatia
92%
Armenia
89%
Argentina
85%
Kiribati
81%
Papua New Guinea
79%
Malawi
70%
Zambia
62%
Vanuatu
58%
Cyprus
41%
Senegal
31%
Belize
22%
Fiji
13%
No matching quizzes found
Score Distribution
Percent of People with Each Score
Percentile by Number Answered
Your Score History
You have not taken this quiz since the last reset